Robert B. Parker's fallout : Jesse Stone novel / Mike Lupica.
"The town of Paradise is devastated when a star high-school baseball player is found dead at the bottom of a bluff a day after winning the team's biggest game. For Jesse, the loss is doubly difficult--the teen was the nephew of his colleague, Suitcase Simpson, and Jesse had been coaching the young shortstop. As he searches for answers, he is stonewalled at every turn. Jesse suddenly must divide his attention between two cases after the murder of former Paradise police chief Charlie Farrell. The race to find answers is on. In the end, Jesse and his team must discover the common factor between the two deaths to prevent a third"-- Back cover.
Record details
- ISBN: 9781432899363
- ISBN: 1432899368
- Physical Description: 465 pages (large print) ; 23 cm.
- Edition: Large print edition.
- Publisher: Waterville, Maine : Thorndike Press, a part of Gale, a Cengage Company, 2022.
Search for related items by subject
| Subject: | Stone, Jesse (Fictitious character) > Fiction. Police chiefs > Fiction. Murder > Investigation > Fiction. Swindlers and swindling > Fiction. Large type books. Massachusetts > Fiction. |
| Genre: | Large type books. Detective and mystery fiction. |
Search for related items by series
Available copies
- 1 of 1 copy available at scottsboropl.
Holds
- 0 current holds with 1 total copy.
Show All Copies
| Location | Call Number / Copy Notes | Barcode | Shelving Location | Status | Due Date |
|---|---|---|---|---|---|
| scottsboropl | F Par | 32269001225039 | Adult - Fiction | Available | - |
| LDR | 02557cam a2200517 i 4500 | ||
|---|---|---|---|
| 001 | 159233 | ||
| 003 | SBPL | ||
| 005 | 20221004144027.0 | ||
| 008 | 220808t20222022meu ed 000 1 eng d | ||
| 020 | . | ‡a9781432899363 ‡q(large print ; ‡qhardcover) | |
| 020 | . | ‡a1432899368 ‡q(large print ; ‡qhardcover) | |
| 035 | . | ‡a(OCoLC)1343957299 | |
| 050 | 4. | ‡aPS3562.U59 ‡bR64 2022b | |
| 082 | 0 | 4. | ‡a813/.54 ‡223 |
| 100 | 1 | . | ‡aLupica, Mike, ‡eauthor. |
| 245 | 1 | 0. | ‡aRobert B. Parker's fallout : Jesse Stone novel / ‡cMike Lupica. |
| 246 | 3 | . | ‡aFallout |
| 250 | . | ‡aLarge print edition. | |
| 264 | 1. | ‡aWaterville, Maine : ‡bThorndike Press, a part of Gale, a Cengage Company, ‡c2022. | |
| 300 | . | ‡a465 pages (large print) ; ‡c23 cm. | |
| 336 | . | ‡atext ‡btxt ‡2rdacontent | |
| 337 | . | ‡aunmediated ‡bn ‡2rdamedia | |
| 338 | . | ‡avolume ‡bnc ‡2rdacarrier | |
| 490 | 1 | . | ‡aA Jesse Stone novel ; ‡vbook 21 |
| 520 | . | ‡a"The town of Paradise is devastated when a star high-school baseball player is found dead at the bottom of a bluff a day after winning the team's biggest game. For Jesse, the loss is doubly difficult--the teen was the nephew of his colleague, Suitcase Simpson, and Jesse had been coaching the young shortstop. As he searches for answers, he is stonewalled at every turn. Jesse suddenly must divide his attention between two cases after the murder of former Paradise police chief Charlie Farrell. The race to find answers is on. In the end, Jesse and his team must discover the common factor between the two deaths to prevent a third"-- ‡cBack cover. | |
| 600 | 1 | 0. | ‡aStone, Jesse ‡c(Fictitious character) ‡vFiction. |
| 650 | 0. | ‡aPolice chiefs ‡vFiction. | |
| 650 | 0. | ‡aMurder ‡xInvestigation ‡vFiction. | |
| 650 | 0. | ‡aSwindlers and swindling ‡vFiction. | |
| 650 | 0. | ‡aLarge type books. | |
| 651 | 0. | ‡aMassachusetts ‡vFiction. | |
| 655 | 0. | ‡aLarge type books. | |
| 655 | 7. | ‡aDetective and mystery fiction. ‡2lcgft | |
| 700 | 1 | . | ‡aParker, Robert B., ‡d1932-2010, ‡ecreator. |
| 830 | 1 | . | ‡aParker, Robert B., ‡d1932-2010. ‡tJesse Stone novels ; ‡vBK 21. |
| 901 | . | ‡a159233 ‡b ‡c159233 ‡tbiblio | |